| 000 | 01049nam a22003137a 4500 | ||
|---|---|---|---|
| 003 | CHAP | ||
| 005 | 20220329133518.0 | ||
| 008 | 971013s1991 r 00010 d | ||
| 010 | _a7222 | ||
| 011 | _a8194 | ||
| 035 | _a7419 | ||
| 040 | _cCHAP | ||
| 082 |
_a633.1 _bH6Y |
||
| 100 | 0 | 0 |
_aHoseney, R. Carl. _956405 |
| 245 | _aPrincipios de ciencia y tecnologĂa de los cereales | ||
| 260 |
_aZaragoza : _bAcribia, _c1991 |
||
| 300 |
_a321 p. _b: ilus. |
||
| 500 | _a64-189 | ||
| 590 |
_aBATCH-UPD _b10 _c20130110 _lUCH01 _h1138 |
||
| 590 |
_aCONVERSION _b10 _c20130109 _lUCH01 _h1305 |
||
| 650 | 1 | 4 |
_aCereales. _921370 |
| 650 | 1 | 4 |
_aCereales _xProcesado. _921454 |
| 901 | _aBK | ||
| 942 | _cLIBRO | ||
| 949 |
_a633.1 H6Y _bBC _cLIBRO _d-101299 _eLIBRO _fc.3 _h82594 _i7419 _si _t172.00 |
||
| 949 |
_a633.1 H6Y _bBC _cLIBRO _d33724000660171 _eLIBRO _fc.4 _gI.168152 _h87806 _i7419 _si _t172.00 |
||
| 949 |
_a633.1 H6Y _bBC _cLIBRO _d33724000660189 _eLIBRO _fc.2 _h82593 _i7419 _si _t156.00 |
||
| 949 |
_a633.1 H6Y _bBC _cLIBRO _d33724002061934 _eLIBRO _h78047 _i7419 _si _t172.00 |
||
| 999 |
_c7222 _d7222 |
||